[Event "SVK-ch U16"]
[Site "Tatralandia"]
[Date "2024.04.12"]
[Round "9"]
[White "Osvald, David"]
[Black "Hasala, Richard"]
[Result "1-0"]
[WhiteElo "1554"]
[BlackElo "1851"]
[PlyCount "59"]
[EventDate "2024.04.05"]
[EventType "swiss"]
[EventRounds "9"]
[EventCountry "SVK"]
[SourceTitle "CB16_2024"]
[SourceDate "2024.04.17"]
[SourceVersion "1"]
[SourceVersionDate "2024.04.17"]
[SourceQuality "1"]

1. c4 e6 2. d4 d5 3. Nf3 Nf6 4. g3 Bb4+ 5. Bd2 Be7 6. Bg2 0-0 7. 0-0 c6 8. Bc3 Nbd7 9. b3 b6 10. Nbd2 Bb7 11. Qc2 Qc7 12. Rac1 Rac8 13. Bb2 Qb8 14. a4 c5 15. e3 dxc4 16. bxc4 cxd4 17. exd4 Ne8 18. Qd3 Nd6 19. Ne5 Rfd8 20. Nxd7 Rxd7 21. d5 exd5 22. Bh3 f5 23. cxd5 Rf8 24. Nf3 Ne4 25. Bxf5 Rxf5 26. Qxe4 Rfxd5 27. Qe6+ Kh8 28. Ne5 Rxe5 29. Qxd7 Rc5 30. Qxe7 1-0

[Event "SVK-ch U16"]
[Site "Tatralandia"]
[Date "2024.04.06"]
[Round "2"]
[White "Osvald, David"]
[Black "Cerven, Samuel"]
[Result "1-0"]
[WhiteElo "1554"]
[BlackElo "1732"]
[PlyCount "91"]
[EventDate "2024.04.05"]
[EventType "swiss"]
[EventRounds "9"]
[EventCountry "SVK"]
[SourceTitle "CB16_2024"]
[SourceDate "2024.04.17"]
[SourceVersion "1"]
[SourceVersionDate "2024.04.17"]
[SourceQuality "1"]

1. c4 c6 2. d4 d5 3. Nc3 Nf6 4. Nf3 dxc4 5. e3 b5 6. a4 Nd5 7. axb5 Nxc3 8. bxc3 cxb5 9. Ne5 Bb7 10. Nxf7 Kxf7 11. Qh5+ g6 12. Qxb5 Qd7 13. Bxc4+ e6 14. Bxe6+ Kxe6 15. Qe5+ Kf7 16. Qxh8 h5 17. e4 Bg7 18. Qh7 Bxe4 19. Bh6 Kf6 20. Qxg7+ Qxg7 21. Bxg7+ Kxg7 22. f3 Bf5 23. Kd2 Nc6 24. Ra6 Nb8 25. Ra3 a6 26. Rha1 Ra7 27. d5 Rb7 28. c4 Kf7 29. Kc3 Rc7 30. Kd4 Ke7 31. c5 Kd7 32. Re3 Kd8 33. c6 Nxc6+ 34. dxc6 Rxc6 35. Kd5 Rb6 36. Rd1 Kc7 37. Re7+ Kb8 38. Kc5 Rb2 39. Rd8+ Bc8 40. Rd6 Rxg2 41. Rb6+ Ka8 42. Kd6 Rd2+ 43. Kc7 Rc2+ 44. Kd8 g5 45. Rc7 Rxc7 46. Kxc7 1-0

[Event "Piestany op-B"]
[Site "Piestany"]
[Date "2023.07.12"]
[Round "2"]
[White "Osvald, David"]
[Black "Sosovickova, Martina"]
[Result "0-1"]
[WhiteElo "1173"]
[BlackElo "1730"]
[PlyCount "68"]
[EventDate "2023.07.11"]
[EventType "swiss"]
[EventRounds "9"]
[EventCountry "SVK"]
[SourceTitle "EXT 2024"]
[Source "ChessBase"]
[SourceDate "2023.10.10"]
[SourceVersion "1"]
[SourceVersionDate "2023.10.10"]
[SourceQuality "1"]

1. d4 d5 2. c4 dxc4 3. e4 Nf6 4. e5 Nd5 5. Bxc4 Nb6 6. Bb3 Nc6 7. Ne2 Bg4 8. f3 Bf5 9. Nbc3 e6 10. Be3 Be7 11. Qd2 a5 12. a3 a4 13. Ba2 Na5 14. Ng3 Bh4 15. Kf1 Bxg3 16. hxg3 0-0 17. Bh6 gxh6 18. Qxh6 Bd3+ 19. Ke1 Qe7 20. Ne4 Bxe4 21. fxe4 f6 22. Bxe6+ Kh8 23. Bf5 Rf7 24. exf6 Rxf6 25. Qxh7+ Qxh7 26. Rxh7+ Kg8 27. Rxc7 Rd8 28. Rd1 Nbc4 29. d5 Nxb2 30. Rd4 Nb3 31. Be6+ Rxe6 32. dxe6 Rxd4 33. e7 Rxe4+ 34. Kf1 Nd3 0-1

[Event "Modra op"]
[Site "Modra"]
[Date "2023.02.20"]
[Round "1"]
[White "Osvald, David"]
[Black "Nosal, Tobias"]
[Result "0-1"]
[WhiteElo "1160"]
[BlackElo "1684"]
[PlyCount "68"]
[EventDate "2023.02.20"]
[EventType "swiss"]
[EventRounds "7"]
[EventCountry "SVK"]
[SourceTitle "EXT 2024"]
[Source "ChessBase"]
[SourceDate "2023.10.10"]
[SourceVersion "1"]
[SourceVersionDate "2023.10.10"]
[SourceQuality "1"]

1. Nf3 Nf6 2. g3 g6 3. Bg2 Bg7 4. 0-0 0-0 5. d3 d5 6. Nbd2 Nc6 7. e4 dxe4 8. dxe4 e5 9. Nb3 Qxd1 10. Rxd1 Nxe4 11. Ng5 Nd6 12. Bxc6 bxc6 13. Be3 h6 14. Nf3 Bg4 15. Nbd2 e4 16. Nd4 Bxd1 17. Rxd1 c5 18. Nc6 Rfe8 19. Bxc5 Bxb2 20. Nb3 Be5 21. Nxe5 Rxe5 22. Bxd6 cxd6 23. Rxd6 Rc8 24. Rd2 f5 25. Nd4 Rd5 26. Kf1 Rc4 27. c3 Rxc3 28. Ke2 g5 29. a4 f4 30. Ne6 f3+ 31. Kd1 Rxd2+ 32. Kxd2 Rd3+ 33. Kc2 e3 34. Kxd3 exf2 0-1